|
|
|
|
| LEADER |
00000naa a2200000uu 4500 |
| 001 |
vtls010931729 |
| 003 |
SK-MaSNL |
| 005 |
20260302143411.0 |
| 008 |
210902|2004 xo |||||||||||||||||slo| |
| 015 |
|
|
|a SNBRA
|
| 035 |
|
|
|a (urnnbn)urn:nbn:sk:snk:ar-a0b4d6
|
| 035 |
|
|
|a (uuid)722a1a6d-7250-4201-b73c-2e75b480ceda
|
| 035 |
|
|
|a urn:nbn:sk:snk-aatwut
|
| 040 |
|
|
|a SNKBUCL
|b slo
|c SNKBUCL
|e AACR2
|
| 041 |
0 |
|
|a slo
|
| 044 |
|
|
|a xo
|c SK
|
| 100 |
1 |
|
|a Gregorová, Helena,
|d 1945-
|4 aut
|9 131852
|
| 245 |
1 |
0 |
|a HODNOTENIE TRÁVNIKOVÝCH ODRÔD VYBRANÝCH DRUHOV TRÁV
|c H. Gregorová, J. Tomaškin, R. Šmajstrla
|
| 246 |
3 |
|
|a EVALUATION OF TURFGRASS VARIETIES OF SELECTED SPECIES OF GRASES
|
| 700 |
1 |
|
|a Tomaškin, Ján,
|d 1963-
|4 aut
|9 253958
|
| 700 |
1 |
|
|a Šmajstrla, R.
|4 aut
|9 805604
|
| 773 |
0 |
|
|t Produkčné, ekologické a krajinotvorné funkcie trávnych ekosystémov a kŕmnych plodín
|d Nitra : Slovenská poľnohospodárska univerzita, 2004
|g S. 214-220
|z 8080694095
|
| 958 |
|
|
|a OND
|
| 958 |
|
|
|a article11
|
| 958 |
|
|
|a chapter
|
| 999 |
|
|
|c 1344287
|d 1346217
|